[Event "Fejer County-ch"]
[Site "Fejer Region"]
[Date "2016.11.05"]
[Round "1"]
[White "Rabi Nagy, Daniel"]
[Black "Reiter, Laszlo"]
[Result "0-1"]
[WhiteElo "1270"]
[BlackElo "1757"]
[PlyCount "100"]
[EventDate "2016.11.05"]
[EventType "swiss"]
[EventRounds "7"]
[EventCountry "HUN"]
[SourceTitle "EXT 2018"]
[Source "ChessBase"]
[SourceDate "2017.10.13"]
[SourceVersion "1"]
[SourceVersionDate "2017.10.13"]
[SourceQuality "1"]

1. e4 e5 2. Nf3 Nc6 3. Bb5 Nd4 4. Nxd4 exd4 5. d3 g6 6. Qf3 Bg7 7. Bc4 Qf6 8. Bf4 d6 9. Nd2 g5 10. Bg3 h5 11. Qxf6 Bxf6 12. f3 Nh6 13. 0-0-0 Bd7 14. Rde1 h4 15. Bf2 0-0-0 16. Kb1 Rdf8 17. Rc1 b5 18. Bb3 a5 19. a3 a4 20. Ba2 Be5 21. g3 hxg3 22. hxg3 f5 23. Rh5 fxe4 24. dxe4 Nf7 25. Bxf7 Rxf7 26. Rxg5 Rh2 27. Be1 c5 28. f4 Bf6 29. Rg8+ Kc7 30. Nf3 Re2 31. Ba5+ Kb7 32. Re1 Re3 33. Rxe3 dxe3 34. Rg6 Bc6 35. e5 dxe5 36. fxe5 Be7 37. Ne1 b4 38. Nd3 Rf1+ 39. Ka2 e2 40. Rg7 Ka6 41. axb4 cxb4 42. Rxe7 Kxa5 43. Rc7 Kb6 44. Rh7 e1Q 45. Nxe1 Rxe1 46. Rh5 Kc5 47. Rf5 Bd5+ 48. b3 Re2 49. Kb1 axb3 50. cxb3 Be4+ 0-1

[Event "HUN-chT2 Asztalos 1617"]
[Site "Hungary"]
[Date "2016.10.09"]
[Round "2.10"]
[White "Reiter, Laszlo"]
[Black "Palfi, Peter"]
[Result "0-1"]
[WhiteElo "1767"]
[BlackElo "1763"]
[PlyCount "68"]
[EventDate "2016.09.25"]
[EventType "team-tourn"]
[EventRounds "11"]
[EventCountry "HUN"]
[SourceTitle "EXT 2021"]
[Source "ChessBase"]
[SourceDate "2020.10.23"]
[SourceVersion "1"]
[SourceVersionDate "2020.10.23"]
[SourceQuality "1"]
[WhiteTeam "Fehervar"]
[BlackTeam "Marcali"]
[WhiteTeamCountry "HUN"]
[BlackTeamCountry "HUN"]

1. c4 d6 2. Nc3 Nf6 3. d4 g6 4. Nf3 Bg7 5. e4 0-0 6. Be2 Nbd7 7. 0-0 e5 8. dxe5 Nxe5 9. Bg5 Nxf3+ 10. Bxf3 h6 11. Bh4 Be6 12. Qd3 Qc8 13. Rac1 Nd7 14. b3 Ne5 15. Qe3 Re8 16. Bd1 f5 17. f4 Nc6 18. Ne2 fxe4 19. Qxe4 Kh7 20. Bf2 Bb2 21. Qc2 Bxc1 22. Qxc1 Bf5 23. h3 Bd3 24. Qd2 Bxe2 25. Bxe2 Re7 26. g4 Qd7 27. Bd3 h5 28. f5 hxg4 29. hxg4 Ne5 30. fxg6+ Kg7 31. Bf5 Nf3+ 32. Kg2 Nxd2 33. Bd4+ Kg8 34. Rh1 Qc6+ 0-1

[Event "Szekesfehervar-ch"]
[Site "Szekesfehervar"]
[Date "2014.09.14"]
[Round "3"]
[White "Reiter, Laszlo"]
[Black "Katona, Gergo"]
[Result "0-1"]
[WhiteElo "1799"]
[BlackElo "1633"]
[PlyCount "70"]
[EventDate "2014.09.13"]
[EventType "swiss"]
[EventRounds "7"]
[EventCountry "HUN"]
[SourceTitle "EXT 2016"]
[Source "ChessBase"]
[SourceDate "2015.10.08"]
[SourceVersion "1"]
[SourceVersionDate "2015.10.08"]
[SourceQuality "1"]

1. c4 f5 2. Nc3 Nf6 3. g3 e6 4. Bg2 d5 5. e3 c6 6. b3 Na6 7. d4 Bb4 8. Bd2 0-0 9. Nge2 Ne4 10. Nxe4 fxe4 11. 0-0 Bxd2 12. Qxd2 c5 13. f3 exf3 14. Rxf3 Rxf3 15. Bxf3 dxc4 16. bxc4 Rb8 17. Rd1 Qf8 18. Kg2 Bd7 19. Rf1 Qd6 20. Qc3 Bc6 21. Nf4 Bxf3+ 22. Rxf3 Nc7 23. Nh5 Ne8 24. Nf4 Nf6 25. dxc5 Qxc5 26. Nxe6 Qc6 27. Nd4 Qa4 28. Qb3 Qxb3 29. axb3 Ne4 30. Rf5 Re8 31. Kf3 Nd6 32. Rd5 Rf8+ 33. Ke2 Ne4 34. Rd7 Rf2+ 35. Kd3 Nc5+ 0-1

[Event "HUN-chT2 Asztalos 1314"]
[Site "Hungary"]
[Date "2013.09.22"]
[Round "2"]
[White "Horvath, Ferenc"]
[Black "Reiter, Laszlo"]
[Result "0-1"]
[WhiteElo "1572"]
[BlackElo "1829"]
[PlyCount "72"]
[EventDate "2013.09.08"]
[EventType "team-tourn"]
[EventRounds "9"]
[EventCountry "HUN"]
[SourceTitle "EXT 2016"]
[Source "ChessBase"]
[SourceDate "2015.10.08"]
[SourceVersion "1"]
[SourceVersionDate "2015.10.08"]
[SourceQuality "1"]
[WhiteTeam "Kaposvar Bastya"]
[BlackTeam "Fehervar"]
[WhiteTeamCountry "HUN"]
[BlackTeamCountry "HUN"]

1. e4 e5 2. Nf3 Nc6 3. c3 d5 4. exd5 Qxd5 5. d3 Be7 6. Be2 Bf5 7. 0-0 Rd8 8. c4 Qd7 9. Nc3 Nf6 10. Ne1 0-0 11. Be3 a6 12. a3 Nd4 13. Bxd4 exd4 14. Na2 Rfe8 15. b4 b6 16. Rc1 c5 17. Nf3 Bd6 18. Re1 h6 19. Rb1 Re7 20. Qb3 Rde8 21. Bf1 Bg4 22. Rxe7 Rxe7 23. Nd2 Qe8 24. f3 Bh5 25. Ne4 Nxe4 26. dxe4 f5 27. Bd3 fxe4 28. Bxe4 Bg6 29. Re1 Bxe4 30. fxe4 Rxe4 31. Rf1 Re3 32. Qb1 d3 33. Nc3 Qe5 34. g3 Qxc3 35. Qd1 Re2 36. Qa4 Qd4+ 0-1

[Event "Fejer County-chT 1213"]
[Site "Fejer Region"]
[Date "2012.11.03"]
[Round "1.9"]
[White "Reiter, Laszlo"]
[Black "Szinavel, Zsolt"]
[Result "0-1"]
[WhiteElo "1888"]
[BlackElo "2123"]
[PlyCount "84"]
[EventDate "2012.11.03"]
[EventType "team-tourn"]
[EventRounds "7"]
[EventCountry "HUN"]
[SourceTitle "EXT 2019"]
[Source "ChessBase"]
[SourceDate "2018.10.10"]
[SourceVersion "1"]
[SourceVersionDate "2018.10.10"]
[SourceQuality "1"]
[WhiteTeam "Fehervar II"]
[BlackTeam "Mor"]
[WhiteTeamCountry "HUN"]
[BlackTeamCountry "HUN"]

1. c4 b6 2. d4 e6 3. e4 Bb7 4. Nc3 Bb4 5. f3 c5 6. Nge2 Nc6 7. d5 Ne5 8. b3 Qh4+ 9. Kd2 b5 10. cxb5 exd5 11. exd5 Bxd5 12. Kc2 Be6 13. Ng3 Bxc3 14. Kxc3 Nf6 15. Be3 Nd5+ 16. Kd2 Qb4+ 17. Kc1 Qc3+ 18. Kb1 Qxe3 19. Qc1 Qxc1+ 20. Kxc1 c4 21. Kd2 c3+ 22. Kc2 Rc8 23. Be2 Nb4+ 24. Kc1 c2 25. Kd2 Rc5 26. Ne4 Rd5+ 27. Kc3 Ned3 28. Bxd3 Nxd3 29. Kxc2 0-0 30. Rad1 Rc8+ 31. Kb1 f5 32. Ng5 h6 33. Nxe6 dxe6 34. Rd2 Kf7 35. a4 Rc3 36. Ka2 Rc1 37. Rdd1 Nb4+ 38. Ka3 Nc2+ 39. Kb2 Rdxd1 40. Rxd1 Rxd1 41. Kxc2 Rd6 42. b4 e5 0-1

[Event "Fejer County-ch"]
[Site "Szekesfehervar"]
[Date "2012.03.17"]
[Round "6"]
[White "Reiter, Laszlo"]
[Black "Kanalas, Mihaly"]
[Result "1-0"]
[WhiteElo "1881"]
[BlackElo "1654"]
[PlyCount "63"]
[EventDate "2012.03.15"]
[EventType "swiss"]
[EventRounds "7"]
[EventCountry "HUN"]
[SourceTitle "EXT 2019"]
[Source "ChessBase"]
[SourceDate "2018.10.10"]
[SourceVersion "1"]
[SourceVersionDate "2018.10.10"]
[SourceQuality "1"]

1. c4 e5 2. Nc3 f5 3. g3 Nf6 4. Bg2 c6 5. e4 d6 6. d4 Qb6 7. Nge2 Be7 8. 0-0 0-0 9. c5 Qc7 10. Qb3+ Kh8 11. cxd6 Bxd6 12. dxe5 Bxe5 13. f4 Bxc3 14. Nxc3 fxe4 15. Nxe4 Nbd7 16. Ng5 Qb6+ 17. Be3 Qxb3 18. axb3 h6 19. Ne6 Re8 20. Nc7 Rxe3 21. Nxa8 a6 22. Rf3 Re2 23. Rf2 Re3 24. Rd1 Rxb3 25. Rfd2 Kh7 26. Nc7 Nc5 27. Re1 Nd3 28. Re3 Bf5 29. Bf1 Rxb2 30. Rexd3 Rb1 31. Rd1 Bxd3 32. Bxd3+ 1-0

[Event "Fejer County-ch"]
[Site "Szekesfehervar"]
[Date "2012.03.17"]
[Round "5"]
[White "Steiner, Laszlo"]
[Black "Reiter, Laszlo"]
[Result "1/2-1/2"]
[WhiteElo "1654"]
[BlackElo "1881"]
[PlyCount "32"]
[EventDate "2012.03.15"]
[EventType "swiss"]
[EventRounds "7"]
[EventCountry "HUN"]
[SourceTitle "EXT 2019"]
[Source "ChessBase"]
[SourceDate "2018.10.10"]
[SourceVersion "1"]
[SourceVersionDate "2018.10.10"]
[SourceQuality "1"]

1. d4 d5 2. c4 c6 3. e3 Nf6 4. Nc3 e6 5. Qc2 Nbd7 6. Nf3 Bd6 7. cxd5 exd5 8. Bd3 0-0 9. 0-0 Re8 10. Bd2 Qc7 11. h3 Nf8 12. Bf5 Bxf5 13. Qxf5 Ne4 14. h4 g6 15. Qh3 Nxd2 16. Nxd2 Qd7 1/2-1/2

[Event "Fejer County-ch"]
[Site "Szekesfehervar"]
[Date "2012.03.16"]
[Round "4"]
[White "Reiter, Laszlo"]
[Black "Dudas, Mate"]
[Result "1-0"]
[WhiteElo "1881"]
[BlackElo "1342"]
[PlyCount "37"]
[EventDate "2012.03.15"]
[EventType "swiss"]
[EventRounds "7"]
[EventCountry "HUN"]
[SourceTitle "EXT 2019"]
[Source "ChessBase"]
[SourceDate "2018.10.10"]
[SourceVersion "1"]
[SourceVersionDate "2018.10.10"]
[SourceQuality "1"]

1. c4 Nf6 2. Nc3 d5 3. e3 g6 4. d4 Bg7 5. Nf3 0-0 6. Be2 c5 7. 0-0 Nc6 8. dxc5 dxc4 9. Bxc4 Bg4 10. h3 Qxd1 11. Rxd1 Bxf3 12. gxf3 Ne5 13. Be2 Nfd7 14. f4 Nxc5 15. fxe5 Bxe5 16. Rd5 Bd6 17. e4 Ne6 18. Be3 Nc7 19. Rd3 1-0

[Event "Fejer County-ch"]
[Site "Szekesfehervar"]
[Date "2012.03.15"]
[Round "1"]
[White "Szappanos, Mark"]
[Black "Reiter, Laszlo"]
[Result "0-1"]
[WhiteElo "1432"]
[BlackElo "1881"]
[PlyCount "72"]
[EventDate "2012.03.15"]
[EventType "swiss"]
[EventRounds "7"]
[EventCountry "HUN"]
[SourceTitle "EXT 2019"]
[Source "ChessBase"]
[SourceDate "2018.10.10"]
[SourceVersion "1"]
[SourceVersionDate "2018.10.10"]
[SourceQuality "1"]

1. e4 e5 2. Nf3 Nc6 3. d4 exd4 4. Nxd4 Qf6 5. c3 Bc5 6. Be3 Nge7 7. Qd2 h6 8. Nb5 Bxe3 9. Qxe3 Kd8 10. Be2 d6 11. 0-0 Re8 12. Qf3 Qg6 13. Nd2 Ne5 14. Qg3 a6 15. Nd4 c5 16. N4f3 Qxg3 17. fxg3 f6 18. Nxe5 dxe5 19. Rad1 Kc7 20. Nc4 Be6 21. Na5 Bxa2 22. b3 b6 23. Ra1 bxa5 24. Rxa2 Nc6 25. b4 axb4 26. cxb4 Nxb4 27. Rd2 Red8 28. Rxd8 Rxd8 29. Rd1 Rd4 30. Rxd4 exd4 31. Kf1 d3 32. Bg4 c4 33. Ke1 c3 34. Kd1 c2+ 35. Kc1 Kd6 36. Kd2 Na2 0-1

[Event "HUN-chT2 Charousek 1112"]
[Site "Hungary"]
[Date "2012.03.11"]
[Round "7"]
[White "Reiter, Laszlo"]
[Black "Gosztola, Istvan"]
[Result "0-1"]
[WhiteElo "1877"]
[BlackElo "2138"]
[PlyCount "62"]
[EventDate "2011.09.25"]
[EventType "team-tourn"]
[EventRounds "11"]
[EventCountry "HUN"]
[SourceTitle "EXT 2013"]
[Source "ChessBase"]
[SourceDate "2012.11.22"]
[SourceVersion "1"]
[SourceVersionDate "2012.11.22"]
[SourceQuality "1"]
[WhiteTeam "Fehervar"]
[BlackTeam "Paks II"]
[WhiteTeamCountry "HUN"]
[BlackTeamCountry "HUN"]

1. c4 Nf6 2. Nc3 e6 3. e4 c5 4. e5 Ng8 5. Nf3 Nc6 6. Nb5 d5 7. exd6 Bxd6 8. d4 cxd4 9. Nbxd4 Nf6 10. Nb5 Bb4+ 11. Bd2 Bc5 12. Bg5 Qb6 13. Qc2 0-0 14. a3 Rd8 15. b4 Nd4 16. Nbxd4 Bxd4 17. Nxd4 Qxd4 18. Bxf6 gxf6 19. Rc1 a5 20. Be2 axb4 21. axb4 Qf4 22. g3 Qd6 23. Qc3 Ra2 24. Bf3 Qd3 25. Qxd3 Rxd3 26. Rd1 Rxf3 27. Rd8+ Kg7 28. Rxc8 Rfxf2 29. Rd8 Rfe2+ 30. Kf1 Rec2 31. Rd1 Rxc4 0-1

[Event "HUN-chT2 Charousek 1112"]
[Site "Hungary"]
[Date "2012.01.29"]
[Round "5"]
[White "Grimm, Daniel"]
[Black "Reiter, Laszlo"]
[Result "1-0"]
[WhiteElo "2054"]
[BlackElo "1877"]
[PlyCount "67"]
[EventDate "2011.09.25"]
[EventType "team-tourn"]
[EventRounds "11"]
[EventCountry "HUN"]
[SourceTitle "EXT 2013"]
[Source "ChessBase"]
[SourceDate "2012.11.22"]
[SourceVersion "1"]
[SourceVersionDate "2012.11.22"]
[SourceQuality "1"]
[WhiteTeam "BEAC"]
[BlackTeam "Fehervar"]
[WhiteTeamCountry "HUN"]
[BlackTeamCountry "HUN"]

1. e4 e5 2. Nf3 Nc6 3. Bb5 Nd4 4. Nxd4 exd4 5. 0-0 c6 6. Ba4 g6 7. d3 Bg7 8. c3 Ne7 9. cxd4 Bxd4 10. Nc3 0-0 11. Bh6 Bg7 12. Bxg7 Kxg7 13. Bb3 d6 14. d4 f5 15. d5 c5 16. e5 dxe5 17. d6 Nc6 18. Qd5 Bd7 19. Qxc5 Rc8 20. Rfe1 b6 21. Qd5 a6 22. Qd3 b5 23. Rad1 Qf6 24. Nd5 Qd8 25. Ne7 Re8 26. Nxc8 Qxc8 27. Rc1 Qd8 28. Qd5 Nb4 29. Qf7+ Kh6 30. Rc7 Nd3 31. Rxd7 Qb6 32. Qxh7+ Kg5 33. h4+ Kf4 34. Qh6+ 1-0

[Event "HUN-chT2 Asztalos 1011"]
[Site "Hungary"]
[Date "2011.03.27"]
[Round "7.11"]
[White "Reiter, Laszlo"]
[Black "Steinerbrunner, Gergo"]
[Result "1-0"]
[WhiteElo "1896"]
[BlackElo "1451"]
[PlyCount "53"]
[EventDate "2010.09.12"]
[EventType "team-tourn"]
[EventRounds "11"]
[EventCountry "HUN"]
[SourceTitle "EXT 2012"]
[Source "ChessBase"]
[SourceDate "2011.11.24"]
[SourceVersion "1"]
[SourceVersionDate "2011.11.24"]
[SourceQuality "1"]
[WhiteTeam "Fehervar"]
[BlackTeam "Komlo"]
[WhiteTeamCountry "HUN"]
[BlackTeamCountry "HUN"]

1. c4 d6 2. Nc3 Nf6 3. d4 Bf5 4. Nf3 Nbd7 5. Nh4 e6 6. Nxf5 exf5 7. e3 g6 8. Bd3 Bg7 9. 0-0 0-0 10. h3 c5 11. Qc2 Re8 12. Rb1 a6 13. b4 b6 14. bxc5 dxc5 15. d5 Ne5 16. Be2 Qc7 17. f4 Ned7 18. Bf3 Rab8 19. g4 fxg4 20. hxg4 h6 21. e4 Nh7 22. e5 g5 23. Be4 Ndf8 24. e6 fxe6 25. dxe6 Bd4+ 26. Kg2 Nf6 27. Nd5 1-0

[Event "Dunaujvaros op"]
[Site "Dunaujvaros"]
[Date "2011.03.13"]
[Round "4"]
[White "Egresi, Mate"]
[Black "Reiter, Laszlo"]
[Result "1-0"]
[WhiteElo "1873"]
[BlackElo "1869"]
[PlyCount "103"]
[EventDate "2011.03.12"]
[EventType "swiss"]
[EventRounds "7"]
[EventCountry "HUN"]
[SourceTitle "CBM 141 Extra"]
[Source "ChessBase"]
[SourceDate "2011.05.03"]
[SourceVersion "1"]
[SourceVersionDate "2011.05.03"]
[SourceQuality "1"]

1. d4 d5 2. c4 c6 3. e3 Nf6 4. Nc3 a6 5. Nf3 h6 6. Bd3 dxc4 7. Bxc4 b5 8. Bd3 Bb7 9. e4 e6 10. 0-0 Nbd7 11. Be3 Rc8 12. Rc1 c5 13. e5 Nd5 14. Nxd5 Bxd5 15. Bb1 cxd4 16. Bxd4 Rxc1 17. Qxc1 Bb4 18. a3 Ba5 19. Kh1 0-0 20. Qc2 g6 21. Qc1 Kg7 22. Qf4 Bc7 23. Qg3 Bxf3 24. gxf3 Qg5 25. f4 Qxg3 26. hxg3 h5 27. Rc1 Bb6 28. Bxb6 Nxb6 29. Rc6 Rc8 30. Rxb6 Rc1+ 31. Kg2 Rxb1 32. b4 a5 33. bxa5 Rb3 34. Kf1 g5 35. fxg5 Kg6 36. Rb7 Rxa3 37. Rxb5 Kxg5 38. Ke2 h4 39. gxh4+ Kxh4 40. Kd2 Kg5 41. Kc2 Ra2+ 42. Kb3 Rxf2 43. a6 Rh2 44. a7 Rh8 45. Rb8 Rh3+ 46. Kb4 Kf4 47. a8Q Kxe5 48. Rb5+ Kf4 49. Qb8+ Kg4 50. Qc8 Rf3 51. Qg8+ Kf4 52. Qxf7+ 1-0

[Event "Dunaujvaros op"]
[Site "Dunaujvaros"]
[Date "2011.03.13"]
[Round "3"]
[White "Reiter, Laszlo"]
[Black "Czimer, Jozsef"]
[Result "1/2-1/2"]
[WhiteElo "1869"]
[BlackElo "1836"]
[PlyCount "49"]
[EventDate "2011.03.12"]
[EventType "swiss"]
[EventRounds "7"]
[EventCountry "HUN"]
[SourceTitle "CBM 141 Extra"]
[Source "ChessBase"]
[SourceDate "2011.05.03"]
[SourceVersion "1"]
[SourceVersionDate "2011.05.03"]
[SourceQuality "1"]

1. c4 Nf6 2. Nc3 g6 3. d4 d6 4. e4 Bg7 5. Nf3 0-0 6. h3 Nbd7 7. Be2 e5 8. Be3 c6 9. Qd2 Re8 10. dxe5 dxe5 11. Rd1 Qa5 12. 0-0 Nc5 13. Bg5 Qc7 14. Qe3 Ne6 15. Bh6 Nh5 16. Bxg7 Kxg7 17. Rd2 Nhf4 18. Rfd1 Nxe2+ 19. Qxe2 Nf4 20. Qe3 b6 21. c5 h6 22. Rd6 f6 23. Kh2 Re7 24. Ng1 Ne6 25. cxb6 1/2-1/2

[Event "HUN-chT2 Asztalos 0809"]
[Site "Hungary"]
[Date "2009.04.19"]
[Round "11"]
[White "Molnar, Ferenc"]
[Black "Reiter, Laszlo"]
[Result "1/2-1/2"]
[WhiteElo "1786"]
[BlackElo "1959"]
[PlyCount "21"]
[EventDate "2008.10.26"]
[EventType "team-tourn"]
[EventRounds "11"]
[EventCountry "HUN"]
[SourceTitle "EXT 2010"]
[Source "ChessBase"]
[SourceDate "2010.11.25"]
[SourceVersion "1"]
[SourceVersionDate "2010.11.25"]
[SourceQuality "1"]
[WhiteTeam "Dombovar"]
[BlackTeam "Fehervar"]
[WhiteTeamCountry "HUN"]
[BlackTeamCountry "HUN"]

1. e4 e5 2. Nf3 Nc6 3. d4 exd4 4. Bc4 Be7 5. c3 dxc3 6. Qd5 Nh6 7. Bxh6 0-0 8. Nxc3 gxh6 9. 0-0 Bf6 10. e5 Bg7 11. a3 1/2-1/2

[Event "HUN-chT2 Asztalos 0809"]
[Site "Hungary"]
[Date "2009.04.05"]
[Round "10"]
[White "Reiter, Laszlo"]
[Black "Guber, Peter"]
[Result "1/2-1/2"]
[WhiteElo "1959"]
[BlackElo "1763"]
[PlyCount "62"]
[EventDate "2008.10.26"]
[EventType "team-tourn"]
[EventRounds "11"]
[EventCountry "HUN"]
[SourceTitle "EXT 2010"]
[Source "ChessBase"]
[SourceDate "2010.11.25"]
[SourceVersion "1"]
[SourceVersionDate "2010.11.25"]
[SourceQuality "1"]
[WhiteTeam "Fehervar"]
[BlackTeam "MAV Elore"]
[WhiteTeamCountry "HUN"]
[BlackTeamCountry "HUN"]

1. c4 e5 2. Nc3 Nf6 3. g3 c6 4. Bg2 d5 5. cxd5 cxd5 6. d4 exd4 7. Qxd4 Nc6 8. Qd1 Be6 9. e3 Bb4 10. Bd2 Rb8 11. Nge2 Qd7 12. a3 Ba5 13. b4 Bc7 14. Nb5 Be5 15. Bc3 Bxc3+ 16. Nbxc3 0-0 17. 0-0 Rfd8 18. Nd4 Bh3 19. Rc1 Bxg2 20. Kxg2 Rbc8 21. Nce2 Ne5 22. Qb3 Nc4 23. Rfd1 Ne4 24. Rc2 Ng5 25. Nf4 Ne6 26. Nfe2 Ng5 27. Ng1 Qg4 28. f3 Qd7 29. h4 Ne6 30. Nge2 Qe8 31. Rd3 a6 1/2-1/2

[Event "Tapolca op"]
[Site "Budapest"]
[Date "2008.08.11"]
[Round "5"]
[White "Srebrnic, Marko"]
[Black "Reiter, Laszlo"]
[Result "1-0"]
[WhiteElo "2313"]
[BlackElo "1951"]
[PlyCount "45"]
[EventDate "2008.08.09"]
[EventType "swiss"]
[EventRounds "7"]
[EventCountry "HUN"]
[SourceTitle "EXT 2011"]
[Source "ChessBase"]
[SourceDate "2010.11.26"]
[SourceVersion "1"]
[SourceVersionDate "2010.11.26"]
[SourceQuality "1"]

1. e4 c5 2. Nf3 a6 3. c3 d5 4. exd5 Qxd5 5. d4 e6 6. Be2 Nf6 7. 0-0 Be7 8. Be3 cxd4 9. cxd4 0-0 10. Ne5 Rd8 11. Bf3 Qa5 12. Nd2 Nd5 13. Rc1 Nd7 14. Ndc4 Nxe3 15. fxe3 Qc7 16. Nxf7 Rf8 17. Nce5 Qb8 18. Be4 g6 19. Qd3 Rxf7 20. Nxf7 Nf8 21. Nh6+ Kh8 22. Rf7 Qd6 23. Rxf8+ 1-0

[Event "HUN-chT2 Asztalos 0708"]
[Site "Hungary"]
[Date "2008.04.27"]
[Round "10"]
[White "Reiter, Laszlo"]
[Black "Grunwald, Matyas"]
[Result "1/2-1/2"]
[WhiteElo "1969"]
[BlackElo "2087"]
[PlyCount "37"]
[EventDate "2007.10.14"]
[EventType "team"]
[EventRounds "11"]
[EventCountry "HUN"]
[SourceTitle "EXT 2009"]
[Source "ChessBase"]
[SourceDate "2008.11.26"]
[SourceVersion "1"]
[SourceVersionDate "2008.11.26"]
[SourceQuality "1"]
[WhiteTeam "Fehervar"]
[BlackTeam "Komlo Banyasz"]
[WhiteTeamCountry "HUN"]
[BlackTeamCountry "HUN"]

1. c4 d6 2. Nc3 Nf6 3. g3 g6 4. Bg2 Bg7 5. d4 c6 6. e4 Qc7 7. Nge2 0-0 8. 0-0 e5 9. h3 a6 10. Be3 Nbd7 11. Qd2 Re8 12. Rad1 b5 13. cxb5 axb5 14. dxe5 dxe5 15. b3 Bf8 16. Qc2 Ba6 17. Nd5 Qb7 18. Nxf6+ Nxf6 19. Bc5 1/2-1/2

[Event "HUN-chT2 Asztalos 0708"]
[Site "Hungary"]
[Date "2008.03.30"]
[Round "9"]
[White "Reiter, Laszlo"]
[Black "Lipcsei, Adam"]
[Result "1-0"]
[WhiteElo "1969"]
[BlackElo "1848"]
[PlyCount "71"]
[EventDate "2007.10.14"]
[EventType "team"]
[EventRounds "11"]
[EventCountry "HUN"]
[SourceTitle "EXT 2009"]
[Source "ChessBase"]
[SourceDate "2008.11.26"]
[SourceVersion "1"]
[SourceVersionDate "2008.11.26"]
[SourceQuality "1"]
[WhiteTeam "Fehervar"]
[BlackTeam "Nagyatad"]
[WhiteTeamCountry "HUN"]
[BlackTeamCountry "HUN"]

1. c4 Nf6 2. Nc3 g6 3. g3 Bg7 4. Bg2 0-0 5. d4 d6 6. Nf3 Nbd7 7. 0-0 c6 8. e4 e5 9. h3 Qe7 10. Be3 Rd8 11. Qd2 exd4 12. Nxd4 Nc5 13. f3 Qe5 14. Bf2 h5 15. Rac1 Ne6 16. Nb3 Nf8 17. c5 Qe7 18. Rcd1 d5 19. Rfe1 Ne6 20. exd5 Nxd5 21. Ne4 Be5 22. Qc1 Qc7 23. f4 Bg7 24. Nd6 b6 25. f5 Nxc5 26. Nxc8 Nxb3 27. axb3 Raxc8 28. Bxd5 Rxd5 29. Rxd5 cxd5 30. Re8+ Rxe8 31. Qxc7 Re2 32. fxg6 fxg6 33. Qxa7 d4 34. Qxb6 Rd2 35. Qxg6 Rxb2 36. Bxd4 1-0

[Event "HUN-chT2 Asztalos 0607"]
[Site "Hungary"]
[Date "2007.04.29"]
[Round "9"]
[White "Reiter, Laszlo"]
[Black "Kovacs, Jozsef Robert"]
[Result "1/2-1/2"]
[WhiteElo "1991"]
[BlackElo "1901"]
[PlyCount "120"]
[EventDate "2006.11.12"]
[EventType "team"]
[EventRounds "11"]
[EventCountry "HUN"]
[SourceTitle "EXT 2008"]
[Source "ChessBase"]
[SourceDate "2007.11.25"]
[SourceVersion "1"]
[SourceVersionDate "2007.11.25"]
[SourceQuality "1"]
[WhiteTeam "Varga Mafry"]
[BlackTeam "Koppany"]
[WhiteTeamCountry "HUN"]
[BlackTeamCountry "HUN"]

1. c4 Nf6 2. Nc3 e6 3. Nf3 c5 4. e3 Nc6 5. Be2 Be7 6. 0-0 0-0 7. h3 d5 8. d4 cxd4 9. Nxd4 a6 10. cxd5 Nxd5 11. Nxc6 bxc6 12. Bd2 Bb7 13. Rc1 Rc8 14. Na4 c5 15. e4 Nb6 16. Nc3 Nd7 17. Be3 Qc7 18. f4 Rfd8 19. Qc2 Nf6 20. Bf3 Rd7 21. Rfd1 Rxd1+ 22. Rxd1 h6 23. g4 Kf8 24. h4 c4 25. g5 hxg5 26. hxg5 Bc5 27. Bxc5+ Qxc5+ 28. Qf2 Qxf2+ 29. Kxf2 Ne8 30. Ke3 Ke7 31. e5 Bxf3 32. Kxf3 f6 33. Ne4 fxe5 34. fxe5 Nc7 35. Nd6 Rd8 36. Rd2 Nb5 37. Nxc4 Rxd2 38. Nxd2 Nd4+ 39. Ke4 Nc6 40. g6 Nb4 41. a3 Nd5 42. b4 Kd7 43. Nb3 Nc7 44. Nc5+ Kc6 45. Kd4 Kb5 46. Kc3 a5 47. a4+ Kb6 48. Kc4 axb4 49. Kxb4 Nd5+ 50. Kc4 Nc7 51. Nb3 Nd5 52. a5+ Kc7 53. Nc5 Nf4 54. Kb5 Nxg6 55. Nxe6+ Kb8 56. Nxg7 Nxe5 57. Ne6 Ka7 58. Nc5 Nf7 59. Kc6 Nd8+ 60. Kc7 Ne6+ 1/2-1/2

[Event "HUN-ch Seniors"]
[Site "Ajka"]
[Date "2005.03.26"]
[Round "5"]
[White "Sturm, Gyula"]
[Black "Reiter, Laszlo"]
[Result "1/2-1/2"]
[WhiteElo "2040"]
[BlackElo "2001"]
[PlyCount "105"]
[EventDate "2005.03.24"]
[EventType "swiss"]
[EventRounds "7"]
[EventCountry "HUN"]
[SourceTitle "EXT 2008"]
[Source "ChessBase"]
[SourceDate "2007.11.25"]
[SourceVersion "1"]
[SourceVersionDate "2007.11.25"]
[SourceQuality "1"]

1. e4 c5 2. Nc3 Nc6 3. g3 g6 4. Bg2 Bg7 5. d3 e6 6. Be3 d6 7. Qd2 Qa5 8. Nge2 Nd4 9. Bxd4 cxd4 10. Nd1 Qxd2+ 11. Kxd2 Ne7 12. c3 Nc6 13. cxd4 Nxd4 14. Nxd4 Bxd4 15. Rc1 Bd7 16. Rc4 e5 17. b3 Be6 18. Rc7 Rb8 19. Ne3 Bb6 20. Rc2 0-0 21. Rhc1 Rbc8 22. Rxc8 Rxc8 23. Rxc8+ Bxc8 24. Nd5 Bd8 25. f4 f6 26. d4 Kf7 27. dxe5 fxe5 28. fxe5 dxe5 29. Kc3 Bg4 30. Kc4 Ke6 31. Kc5 Kd7 32. b4 b6+ 33. Kc4 Be2+ 34. Kb3 b5 35. Kc3 Kd6 36. a3 Bg5 37. Kc2 h5 38. h3 h4 39. gxh4 Bxh4 40. Kd2 Bc4 41. Nc3 Bg5+ 42. Kc2 Be3 43. Nd1 Bb6 44. Nc3 a5 45. Nd1 a4 46. Nc3 Be3 47. Bf3 Bd4 48. Bg4 Bxc3 49. Kxc3 Be6 50. Kd3 Ke7 51. Ke3 Bxg4 52. hxg4 Kf6 53. Kf3 1/2-1/2